000 00646nam a2200277Ia 4500
005 20260324145846.0
008 008 260324s9999 xx 000 0 eng d
020 _a9780429051081
037 _aEBOOK
040 _aCRL
040 _beng
040 _cCRL
041 _2eng
041 _aeng
084 _qCRL
100 _aMartha Gilliland
_91224431
245 0 _aEnergy Analysis: A New Public Policy Tool
260 _bTaylor and Francis
260 _c1978
365 _a
365 _b230
856 _uhttp://www.taylorfrancis.com/books/9780429051081
942 _cEBOOK
999 _c1832935
_d1832935